[Event "Tarragona Calbet Memorial"]
[Site "Tarragona"]
[Date "2013.06.01"]
[Round "8"]
[White "Margalef Guell, Jordi"]
[Black "Luke Brezmes, Cristofer"]
[Result "0-1"]
[WhiteElo "1976"]
[BlackElo "2079"]
[PlyCount "102"]
[EventDate "2013.04.13"]
[EventType "swiss"]
[EventRounds "8"]
[EventCountry "ESP"]
[SourceTitle "EXT 2014"]
[Source "ChessBase"]
[SourceDate "2013.11.20"]
[SourceVersion "1"]
[SourceVersionDate "2013.11.20"]
[SourceQuality "1"]

1. d4 d5 2. c4 c6 3. Nc3 Nf6 4. e3 e6 5. Qc2 Nbd7 6. Nf3 Bd6 7. Be2 0-0 8. 0-0 dxc4 9. Bxc4 b5 10. Be2 b4 11. Na4 Bb7 12. e4 Be7 13. Bd3 h6 14. Be3 Qa5 15. h3 Rac8 16. Rac1 Rfd8 17. Nc5 Nxc5 18. dxc5 Rxd3 19. Qxd3 Ba6 20. Qd1 Bxf1 21. Kxf1 Nd7 22. Kg1 Nxc5 23. Qc2 Nd7 24. Qc4 c5 25. Nd2 Nb6 26. Qb3 Qb5 27. Nc4 Nxc4 28. Qxc4 Qxc4 29. Rxc4 Kf8 30. Kf1 Ke8 31. Ke2 Kd7 32. Bc1 Kc6 33. b3 Bf6 34. Be3 Kb5 35. f4 h5 36. e5 Be7 37. g4 hxg4 38. hxg4 Rh8 39. Kd3 a5 40. f5 Rh3 41. f6 gxf6 42. exf6 Bd6 43. g5 Rg3 44. Re4 Rg2 45. Bd2 Kc6 46. Rh4 Kd5 47. Kc2 e5 48. Kd3 e4+ 49. Ke3 Rxg5 50. Rh8 Rf5 51. Rh6 Bf4+ 0-1

[Event "Torredembarra op 14th"]
[Site "Torredembarra"]
[Date "2012.07.01"]
[Round "2"]
[White "Obregon Rivero, Juan Carlos"]
[Black "Margalef Guell, Jordi"]
[Result "1-0"]
[WhiteElo "2479"]
[BlackElo "1983"]
[PlyCount "59"]
[EventDate "2012.06.30"]
[EventType "swiss"]
[EventRounds "9"]
[EventCountry "ESP"]
[SourceTitle "EXT 2013"]
[Source "ChessBase"]
[SourceDate "2012.11.22"]
[SourceVersion "1"]
[SourceVersionDate "2012.11.22"]
[SourceQuality "1"]

1. d4 Nf6 2. Nf3 d5 3. e3 g6 4. b4 Bg7 5. Bb2 0-0 6. c4 c6 7. Nbd2 Bg4 8. h3 Bxf3 9. Qxf3 Nbd7 10. g4 a5 11. b5 e6 12. h4 h5 13. gxh5 Nxh5 14. Be2 Qf6 15. Qh3 Kh7 16. Rg1 Rg8 17. Nf3 Bh6 18. Ng5+ Kh8 19. Rc1 Rac8 20. bxc6 bxc6 21. Bc3 Nf8 22. Bxa5 Ra8 23. Bc7 Bg7 24. cxd5 exd5 25. Bxh5 gxh5 26. Rxc6 Ne6 27. Be5 Qg6 28. Nxf7+ Qxf7 29. Rxe6 Bf6 30. Bxf6+ 1-0

[Event "Catalunya-ch Seniors"]
[Site "Vila Seca"]
[Date "2008.05.12"]
[Round "?"]
[White "Simon Padros, Emili"]
[Black "Margalef Guell, Jordi"]
[Result "1-0"]
[WhiteElo "2251"]
[BlackElo "2052"]
[PlyCount "61"]
[EventDate "2008.05.08"]
[EventType "tourn"]
[EventRounds "9"]
[EventCountry "ESP"]
[SourceTitle "EXT 2019"]
[Source "ChessBase"]
[SourceDate "2018.10.10"]
[SourceVersion "1"]
[SourceVersionDate "2018.10.10"]
[SourceQuality "1"]

1. e4 c6 2. d4 d5 3. e5 Bf5 4. h4 h5 5. c4 e6 6. Nc3 Ne7 7. Bg5 dxc4 8. Bxc4 Qb6 9. Qd2 Nd5 10. Nge2 Nd7 11. Ng3 Bg6 12. 0-0 Be7 13. Rfe1 Qd8 14. Nce4 f6 15. exf6 gxf6 16. Bf4 N7b6 17. Bd3 Bf7 18. Nc5 Nxf4 19. Qxf4 Nd5 20. Qf3 Bxc5 21. dxc5 Qe7 22. Nf5 Qd7 23. Nd6+ Kd8 24. Bc4 f5 25. Bxd5 cxd5 26. Qe3 Kc7 27. Qe5 Kc6 28. b4 Rad8 29. b5+ Kxc5 30. Rec1+ Kb6 31. Qd4+ 1-0